| 000 | 00727nam a22001817a 4500 | ||
|---|---|---|---|
| 999 |
_c59004 _d59004 |
||
| 003 | Ge_BSU | ||
| 005 | 20250425140346.0 | ||
| 008 | 221028s1998 ge ||||| |||| 00| 0 geo d | ||
| 041 | _ageo | ||
| 080 | _a330.101.542(075.8) პ-37 | ||
| 100 |
_aპინდაიკი, რობერტ _915646 |
||
| 245 |
_aმიკროეკონომიკა / _c[რედ. და მთარგმნ. ვ. ლობჟანიძე]. |
||
| 264 |
_aთბილისი : _bლამპარი, _c1998. |
||
| 300 |
_a543 გვ. : _bილ. ; _c19სმ. |
||
| 653 | _aმიკროეკონომიკა | ||
| 700 |
_aრუბინფელდი, დანიელ _eავტორი _915647 |
||
| 942 |
_2udc _cBK |
||